[Event "HUN-chT2 0102"]
[Site "Hungary"]
[Date "2002.03.03"]
[Round "8"]
[White "Vajda, Ildiko"]
[Black "Csato, Eszter"]
[Result "0-1"]
[WhiteElo "1541"]
[BlackElo "2025"]
[PlyCount "78"]
[EventDate "2001.??.??"]
[EventType "team-tourn"]
[EventRounds "11"]
[EventCountry "HUN"]
[SourceTitle "EXT 2004"]
[Source "ChessBase"]
[SourceDate "2003.11.25"]
[SourceVersion "1"]
[SourceVersionDate "2003.11.25"]
[SourceQuality "1"]

1. e4 e5 2. Nf3 Nc6 3. Nc3 Nf6 4. d4 exd4 5. Nxd4 Bb4 6. Nxc6 bxc6 7. Bd3 d5 8. exd5 Qe7+ 9. Qe2 Qxe2+ 10. Bxe2 cxd5 11. Bd2 0-0 12. 0-0 Bf5 13. a3 Ba5 14. Rac1 c5 15. Rfd1 d4 16. Nb5 Bxd2 17. Rxd2 Rab8 18. c3 Ne4 19. Rdd1 a6 20. Nc7 Rxb2 21. Bd3 dxc3 22. Bxe4 c2 23. Bxf5 cxd1Q+ 24. Rxd1 g6 25. Bg4 f5 26. Be2 Rxe2 27. Nxa6 Rc8 28. h4 Re6 29. Nxc5 Rxc5 30. Rd8+ Kf7 31. Rd7+ Re7 32. Rd2 Rce5 33. f3 Re2 34. Rd4 Rc7 35. a4 Rcc2 36. Rd7+ Ke6 37. Rxh7 Rxg2+ 38. Kf1 Rh2 39. h5 Rh1# 0-1

[Event "HUN-chT2 0102"]
[Site "Hungary"]
[Date "2002.01.13"]
[Round "5"]
[White "Molnar, Jozsef"]
[Black "Csato, Eszter"]
[Result "1-0"]
[WhiteElo "2146"]
[BlackElo "2025"]
[PlyCount "63"]
[EventDate "2001.??.??"]
[EventType "team-tourn"]
[EventRounds "11"]
[EventCountry "HUN"]
[SourceTitle "EXT 2004"]
[Source "ChessBase"]
[SourceDate "2003.11.25"]
[SourceVersion "1"]
[SourceVersionDate "2003.11.25"]
[SourceQuality "1"]

1. e4 e5 2. Bc4 Bc5 3. Nf3 Nc6 4. 0-0 d6 5. c3 Bg4 6. Qb3 Nh6 7. d4 Bxf3 8. gxf3 exd4 9. Bb5 0-0 10. Bxc6 bxc6 11. Qc4 Qf6 12. Kg2 Qg6+ 13. Kh1 dxc3 14. Nxc3 Qh5 15. Qd3 f5 16. Bxh6 Qxh6 17. exf5 d5 18. Ne2 Bd6 19. Ng3 Qf4 20. Rac1 h5 21. Rxc6 h4 22. Qxd5+ Kh8 23. Rc4 Qh6 24. Ne4 Bf4 25. Nc5 Rad8 26. Qe4 Bd6 27. Ne6 Rde8 28. Qg4 Rf7 29. Ng5 Rfe7 30. Re4 Rxe4 31. fxe4 Be7 32. Nf7+ 1-0

[Event "HUN-chT 9899"]
[Site "Hungary"]
[Date "1998.??.??"]
[Round "?"]
[White "Csato, Eszter"]
[Black "Koczka, Zsolt"]
[Result "0-1"]
[WhiteElo "2030"]
[BlackElo "2260"]
[PlyCount "84"]
[EventDate "1998.??.??"]
[EventType "team-tourn"]
[EventRounds "12"]
[EventCountry "HUN"]
[SourceTitle "EXT 2000"]
[Source "ChessBase"]
[SourceDate "1999.11.16"]
[SourceVersion "1"]
[SourceVersionDate "1999.11.16"]
[SourceQuality "1"]

1. e4 e6 2. d4 d5 3. e5 c5 4. c3 Qb6 5. Nf3 Bd7 6. Nbd2 cxd4 7. Nxd4 Nc6 8. Nxc6 bxc6 9. Nb3 a5 10. Be3 Qc7 11. f4 c5 12. c4 d4 13. Bf2 Bc6 14. Nd2 Qb7 15. Rb1 Ne7 16. Rg1 Nf5 17. Qe2 Be7 18. g4 Nh4 19. Bxh4 Bxh4+ 20. Kd1 Be7 21. Rg3 Rd8 22. Bg2 h6 23. f5 Qd7 24. fxe6 Qxe6 25. Bxc6+ Qxc6 26. Kc2 0-0 27. Ne4 Qa4+ 28. b3 Qxa2+ 29. Rb2 Qa3 30. g5 Bxg5 31. Nxg5 hxg5 32. Qd3 Rfe8 33. Rxg5 Re6 34. Kb1 a4 35. Qh3 Qb4 36. Qg3 g6 37. bxa4 Qxa4 38. Rb3 Ra8 39. Kc1 Qxc4+ 40. Kb2 Qe2+ 41. Kb1 Rea6 42. Ra3 Qd1+ 0-1

[Event "HUN-chT 9899"]
[Site "Hungary"]
[Date "1998.??.??"]
[Round "?"]
[White "Csato, Eszter"]
[Black "Varadi, Viktor"]
[Result "0-1"]
[WhiteElo "2030"]
[BlackElo "2150"]
[PlyCount "86"]
[EventDate "1998.??.??"]
[EventType "team-tourn"]
[EventRounds "12"]
[EventCountry "HUN"]
[SourceTitle "EXT 2000"]
[Source "ChessBase"]
[SourceDate "1999.11.16"]
[SourceVersion "1"]
[SourceVersionDate "1999.11.16"]
[SourceQuality "1"]

1. e4 c5 2. c3 d5 3. exd5 Qxd5 4. d4 Nf6 5. Nf3 Nc6 6. Bd3 Bg4 7. Nbd2 cxd4 8. cxd4 Nxd4 9. Qa4+ Nc6 10. Bc4 Qd7 11. 0-0 e6 12. Bb5 Bxf3 13. Nxf3 Bd6 14. Rd1 Qc7 15. Bd2 0-0 16. Rac1 Rac8 17. Ba5 Qxa5 18. Rxd6 Qxa4 19. Bxa4 Nd4 20. Rxc8 Nxf3+ 21. gxf3 Rxc8 22. Rd2 Kf8 23. Kg2 Ke7 24. Bc2 Rc5 25. f4 Nd5 26. Kf3 f5 27. Bb3 Nf6 28. Rd4 Ne4 29. Ke3 Rc1 30. Bd1 Rb1 31. f3 Nf6 32. Rd2 Rc1 33. Bb3 Re1+ 34. Kf2 Rh1 35. Kg2 Re1 36. Kf2 Rh1 37. Kg2 Rc1 38. Re2 Rc6 39. Kf2 g6 40. h4 Nh5 41. Ke3 Rc1 42. Bxe6 Ng3 43. Rg2 Nf1+ 0-1

[Event "HUN-chT 9899"]
[Site "Hungary"]
[Date "1998.??.??"]
[Round "?"]
[White "Lako, Laszlo"]
[Black "Csato, Eszter"]
[Result "1/2-1/2"]
[WhiteElo "2280"]
[BlackElo "2030"]
[PlyCount "80"]
[EventDate "1998.??.??"]
[EventType "team-tourn"]
[EventRounds "12"]
[EventCountry "HUN"]
[SourceTitle "EXT 2000"]
[Source "ChessBase"]
[SourceDate "1999.11.16"]
[SourceVersion "1"]
[SourceVersionDate "1999.11.16"]
[SourceQuality "1"]

1. d4 d5 2. Nf3 Bf5 3. c4 e6 4. Nc3 c6 5. g3 Bb4 6. Bg2 Nf6 7. Bd2 Nbd7 8. Qb3 Bxc3 9. Bxc3 Qb6 10. c5 Qxb3 11. axb3 0-0 12. 0-0 Ne4 13. Nd2 Nxd2 14. Bxd2 e5 15. Bc3 Rfe8 16. Rfe1 e4 17. Bd2 h6 18. Ra4 Be6 19. Rea1 a6 20. Bf4 g5 21. Bd6 Nf8 22. Rb4 Ra7 23. f4 exf3 24. exf3 Bf5 25. Kf2 Bd3 26. Bf1 Bf5 27. Re1 Rxe1 28. Kxe1 Nd7 29. g4 Bc2 30. Kd2 a5 31. Ra4 Bxb3 32. Ra1 a4 33. Kc3 b6 34. cxb6 Nxb6 35. Re1 Ra8 36. Bd3 Bc4 37. Bc7 Bxd3 38. Bxb6 Bb5 39. Bc5 Kg7 40. Re5 Kg6 1/2-1/2

[Event "HUN-chT 9697"]
[Site "Hungary"]
[Date "1996.??.??"]
[Round "6"]
[White "Sarkany, Petra"]
[Black "Csato, Eszter"]
[Result "1/2-1/2"]
[WhiteElo "2015"]
[BlackElo "2045"]
[PlyCount "69"]
[EventDate "1996.??.??"]
[EventType "team-tourn"]
[EventRounds "12"]
[EventCountry "HUN"]
[SourceTitle "EXT 2006"]
[Source "ChessBase"]
[SourceDate "2005.11.24"]
[SourceVersion "1"]
[SourceVersionDate "2005.11.24"]
[SourceQuality "1"]
[WhiteTeam "Balatonalmadi"]
[BlackTeam "Matador"]
[WhiteTeamCountry "HUN"]
[BlackTeamCountry "HUN"]

1. d4 d5 2. c4 e6 3. Nf3 Nf6 4. Nc3 Nbd7 5. Bg5 Be7 6. e3 0-0 7. Bd3 b6 8. 0-0 Bb7 9. Rc1 Rc8 10. Qe2 c5 11. Rfd1 Ne4 12. Bxe7 Qxe7 13. cxd5 exd5 14. Ba6 Bxa6 15. Qxa6 Ndf6 16. Ne2 Ng4 17. Rf1 Nexf2 18. Rxf2 Qxe3 19. Rcf1 Nxf2 20. Rxf2 cxd4 21. Nfxd4 Rc4 22. b3 Rxd4 23. Nxd4 Qxd4 24. Qxa7 f6 25. Qd7 Qe5 26. g3 Re8 27. Rf5 Qe1+ 28. Kg2 Qe4+ 29. Kh3 Re5 30. Qd8+ Kf7 31. Rxe5 fxe5 32. Qc7+ Kf8 33. Qd8+ Kf7 34. Qc7+ Kf8 35. Qd8+ 1/2-1/2

[Event "HUN-chT 9596"]
[Site "Hungary"]
[Date "1995.??.??"]
[Round "6"]
[White "Csonka, Attila Istvan"]
[Black "Csato, Eszter"]
[Result "1-0"]
[WhiteElo "2020"]
[BlackElo "2060"]
[PlyCount "81"]
[EventDate "1995.??.??"]
[EventType "team-tourn"]
[EventRounds "13"]
[EventCountry "HUN"]
[SourceTitle "EXT 2000"]
[Source "ChessBase"]
[SourceDate "1999.11.16"]
[SourceVersion "1"]
[SourceVersionDate "1999.11.16"]
[SourceQuality "1"]

1. e4 e5 2. Nf3 Nc6 3. Bc4 Nf6 4. Ng5 d5 5. exd5 Na5 6. Bb5+ c6 7. dxc6 bxc6 8. Be2 h6 9. Nf3 e4 10. Ne5 Qd4 11. f4 Bc5 12. Rf1 Qd6 13. c3 Bb6 14. b4 Nb7 15. a4 0-0 16. a5 Bc7 17. Ba3 Nd5 18. a6 Nd8 19. b5 c5 20. Nc4 Qf6 21. g3 Ne6 22. Ne3 Ndxf4 23. Qc2 Nd3+ 24. Bxd3 exd3 25. Qxd3 Qg5 26. Qd5 Qxd5 27. Nxd5 Bd8 28. Kd1 Bd7 29. c4 Rc8 30. Nbc3 Nd4 31. Ne4 Bg4+ 32. Kc1 Nb3+ 33. Kb2 Nxa1 34. Kxa1 Be2 35. Rc1 Bf3 36. Nd6 Ra8 37. Bxc5 Be7 38. Nxe7+ Kh7 39. d4 Rfd8 40. d5 Rd7 41. Nc6 1-0

[Event "HUN-chT"]
[Site "Hungary"]
[Date "1995.??.??"]
[Round "?"]
[White "Hoang, Thanh Trang"]
[Black "Csato, Eszter"]
[Result "1/2-1/2"]
[WhiteElo "2325"]
[BlackElo "2060"]
[PlyCount "40"]
[EventDate "1995.??.??"]
[EventType "team-tourn"]
[EventRounds "13"]
[EventCountry "HUN"]
[SourceTitle "EXT 1997"]
[Source "ChessBase"]
[SourceDate "1996.11.15"]
[SourceVersion "1"]
[SourceVersionDate "1996.11.15"]
[SourceQuality "1"]

1. d4 d5 2. c4 e6 3. Nc3 Nf6 4. cxd5 Nxd5 5. Nf3 Bb4 6. Bd2 Nc6 7. a3 Nxc3 8. bxc3 Bd6 9. e4 e5 10. Be2 0-0 11. 0-0 Bg4 12. Bg5 Qe8 13. h3 Bh5 14. d5 Ne7 15. Nh4 Bxe2 16. Qxe2 f6 17. Be3 f5 18. Nxf5 Nxf5 19. exf5 Rxf5 20. c4 b6 1/2-1/2

[Event "HUN-chT"]
[Site "Hungary"]
[Date "1995.??.??"]
[Round "?"]
[White "Kis, Bela"]
[Black "Csato, Eszter"]
[Result "1-0"]
[WhiteElo "2075"]
[BlackElo "2060"]
[PlyCount "49"]
[EventDate "1995.??.??"]
[EventType "team-tourn"]
[EventRounds "13"]
[EventCountry "HUN"]
[SourceTitle "EXT 1997"]
[Source "ChessBase"]
[SourceDate "1996.11.15"]
[SourceVersion "1"]
[SourceVersionDate "1996.11.15"]
[SourceQuality "1"]

1. d4 Nf6 2. c4 e5 3. dxe5 Ng4 4. e4 Bb4+ 5. Nc3 Bxc3+ 6. bxc3 Nxe5 7. f4 Ng6 8. Nf3 d6 9. Bd3 Qf6 10. 0-0 Qxc3 11. Rb1 Nc6 12. Rb5 Nb4 13. Be2 a5 14. Bd2 Qb2 15. f5 Nf8 16. Bc1 Qxa2 17. e5 d5 18. cxd5 Bxf5 19. Ng5 Bg6 20. Rxb7 Qxd5 21. Bb5+ Nd7 22. Qxd5 Nxd5 23. e6 fxe6 24. Nxe6 Rc8 25. Ba3 1-0

[Event "HUN-chT 9596"]
[Site "Hungary"]
[Date "1995.??.??"]
[Round "2"]
[White "Murin, Janos"]
[Black "Csato, Eszter"]
[Result "1-0"]
[WhiteElo "2260"]
[BlackElo "2060"]
[PlyCount "35"]
[EventDate "1995.??.??"]
[EventType "team-tourn"]
[EventRounds "13"]
[EventCountry "HUN"]
[SourceTitle "EXT 2000"]
[Source "ChessBase"]
[SourceDate "1999.11.16"]
[SourceVersion "1"]
[SourceVersionDate "1999.11.16"]
[SourceQuality "1"]

1. Nf3 d5 2. g3 Nf6 3. Bg2 c5 4. 0-0 Nc6 5. d3 Bg4 6. Nbd2 e5 7. e4 dxe4 8. dxe4 Qc7 9. c3 Be7 10. Qe2 0-0 11. Nc4 b5 12. Ne3 Be6 13. Ng5 Bd7 14. Nd5 Nxd5 15. exd5 Na5 16. d6 Bxd6 17. Bxa8 Rxa8 18. Qe4 1-0

[Event "HUN-chT 9394"]
[Site "Hungary"]
[Date "1994.??.??"]
[Round "?"]
[White "Csato, Eszter"]
[Black "Kerek, Csaba"]
[Result "1-0"]
[WhiteElo "2050"]
[BlackElo "2150"]
[PlyCount "65"]
[EventDate "1993.??.??"]
[EventType "team-tourn"]
[EventRounds "13"]
[EventCountry "HUN"]
[SourceTitle "TD"]
[Source "ChessBase"]
[SourceDate "1994.03.01"]
[SourceVersion "1"]
[SourceVersionDate "1994.03.01"]
[SourceQuality "1"]

1. e4 c5 2. c3 d5 3. exd5 Qxd5 4. d4 g6 5. Nf3 Bg7 6. Be3 Nf6 7. h3 0-0 8. c4 Qd8 9. Nc3 Qa5 10. Qa4 Qxa4 11. Nxa4 cxd4 12. Nxd4 Na6 13. a3 Rd8 14. Rc1 Ng4 15. hxg4 Bxd4 16. Rd1 e5 17. Bxd4 exd4 18. b4 Bxg4 19. f3 Bf5 20. Rd2 Re8+ 21. Kf2 Re3 22. b5 Rxa3 23. bxa6 Rxa4 24. axb7 Rb8 25. Rb2 Ra3 26. Rh4 Ra6 27. c5 Rc6 28. Rxd4 Rxc5 29. Ba6 Be6 30. Rbd2 Kg7 31. Rd8 Rc2 32. Rxb8 Rxd2+ 33. Ke3 1-0

[Event "HUN-chT 9394"]
[Site "Hungary"]
[Date "1994.??.??"]
[Round "?"]
[White "Medvegy, Nora"]
[Black "Csato, Eszter"]
[Result "1-0"]
[WhiteElo "2155"]
[BlackElo "2050"]
[PlyCount "37"]
[EventDate "1993.??.??"]
[EventType "team-tourn"]
[EventRounds "13"]
[EventCountry "HUN"]
[SourceTitle "TD"]
[Source "ChessBase"]
[SourceDate "1994.03.01"]
[SourceVersion "1"]
[SourceVersionDate "1994.03.01"]
[SourceQuality "1"]

1. e4 e5 2. Nf3 Nc6 3. d4 d6 4. Bc4 exd4 5. Nxd4 Nxd4 6. Qxd4 Qf6 7. Be3 Be7 8. Nc3 c6 9. 0-0-0 Be6 10. Bxe6 fxe6 11. Qc4 Nh6 12. e5 Qxe5 13. Bxh6 gxh6 14. Rhe1 Qg5+ 15. f4 Qf5 16. Rxe6 Kd7 17. Re5 Qf6 18. g3 d5 19. Nxd5 1-0

[Event "HUN-chT 9394"]
[Site "Hungary"]
[Date "1994.??.??"]
[Round "?"]
[White "Porubszky Angyalosine, Maria A"]
[Black "Csato, Eszter"]
[Result "1/2-1/2"]
[WhiteElo "2135"]
[BlackElo "2050"]
[PlyCount "107"]
[EventDate "1993.??.??"]
[EventType "team-tourn"]
[EventRounds "13"]
[EventCountry "HUN"]
[SourceTitle "TD"]
[Source "ChessBase"]
[SourceDate "1994.03.01"]
[SourceVersion "1"]
[SourceVersionDate "1994.03.01"]
[SourceQuality "1"]

1. e4 e5 2. Nc3 Bc5 3. Nf3 d6 4. d4 exd4 5. Nxd4 Ne7 6. Bc4 Nbc6 7. Nb3 Bb6 8. 0-0 Ne5 9. Be2 0-0 10. Na4 f5 11. Nxb6 axb6 12. exf5 Nxf5 13. f4 Nc6 14. g4 Nh6 15. Kg2 Qh4 16. h3 Nf7 17. c3 Be6 18. Be3 h5 19. Bf2 Qf6 20. Bg3 h4 21. Bh2 Ne7 22. Bf3 c6 23. Qd2 Bc4 24. Rfe1 Nd5 25. Be2 b5 26. Bxc4 bxc4 27. Nd4 Nd8 28. f5 Nf7 29. Re6 Qg5 30. Qf2 Ne5 31. Bxe5 dxe5 32. Rxe5 Nf4+ 33. Kh2 Nd3 34. Qe3 Qxe3 35. Rxe3 Nxb2 36. Nf3 Rfe8 37. Rxe8+ Rxe8 38. Nxh4 Re2+ 39. Ng2 Rc2 40. Rb1 Nd3 41. Kg3 b5 42. a4 Rxc3 43. axb5 Nb4+ 44. Kf4 Rb3 45. Ra1 Nd5+ 46. Kg5 Rxb5 47. Ra8+ Kf7 48. Nh4 Ke7 49. Nf3 c5 50. Ne5 c3 51. Ra7+ Kf8 52. Ra8+ Ke7 53. Ra7+ Kf8 54. Ra8+ 1/2-1/2

[Event "HUN-chT"]
[Site "Hungary"]
[Date "1993.??.??"]
[Round "?"]
[White "Csato, Eszter"]
[Black "Kende, Gyorgy"]
[Result "0-1"]
[WhiteElo "2035"]
[BlackElo "2240"]
[PlyCount "140"]
[EventDate "1993.??.??"]
[EventType "team-tourn"]
[EventRounds "13"]
[EventCountry "HUN"]
[SourceTitle "TD"]
[Source "ChessBase"]
[SourceDate "1994.03.01"]
[SourceVersion "1"]
[SourceVersionDate "1994.03.01"]
[SourceQuality "1"]

1. e4 c6 2. d4 d5 3. exd5 cxd5 4. c4 Nf6 5. Nc3 e6 6. Nf3 Bb4 7. Bd2 0-0 8. a3 Bxc3 9. Bxc3 Nc6 10. Bd3 dxc4 11. Bxc4 b6 12. 0-0 Bb7 13. Qe2 Rc8 14. Rac1 Qd6 15. Bb5 Rfd8 16. Rfd1 Qf4 17. Bd2 Qg4 18. h3 Qe4 19. Qxe4 Nxe4 20. Be3 Nd6 21. Ba4 Na5 22. Ne5 Nac4 23. Nxc4 Nxc4 24. Rc2 Be4 25. Re2 Bd5 26. Bf4 a6 27. Bb3 b5 28. Bxc4 Rxc4 29. Be3 Rdc8 30. Ree1 Kf8 31. Rc1 Ke7 32. Kf1 Kd7 33. g3 Rc2 34. b4 R8c3 35. Rxc2 Rxc2 36. Rc1 Bc4+ 37. Kg2 Ra2 38. Rc3 Kd6 39. Kf3 Kd5 40. Kf4 Ra1 41. h4 Rd1 42. Kf3 f6 43. g4 Rh1 44. Kg3 Ke4 45. f3+ Kd5 46. h5 Rb1 47. Bf2 Rb3 48. Rxb3 Bxb3 49. Be3 Kc4 50. f4 Kd3 51. Bf2 Bd5 52. f5 exf5 53. gxf5 Ke4 54. Kg4 Bc4 55. d5 Bxd5 56. h6 gxh6 57. Bh4 h5+ 58. Kxh5 Kxf5 59. Kh6 Ke5 60. Kxh7 f5 61. Kg7 f4 62. Kf8 Ke4 63. Ke7 f3 64. Kd6 Bb3 65. Kc5 Ke3 66. Kb6 f2 67. Bxf2+ Kxf2 68. Kxa6 Ba4 69. Kb6 Ke3 70. Kc5 Kd3 0-1

[Event "HUN-chT"]
[Site "Hungary"]
[Date "1993.??.??"]
[Round "?"]
[White "Csoke, Krisztian"]
[Black "Csato, Eszter"]
[Result "1/2-1/2"]
[WhiteElo "2270"]
[BlackElo "2035"]
[PlyCount "111"]
[EventDate "1993.??.??"]
[EventType "team-tourn"]
[EventRounds "13"]
[EventCountry "HUN"]
[SourceTitle "TD"]
[Source "ChessBase"]
[SourceDate "1994.03.01"]
[SourceVersion "1"]
[SourceVersionDate "1994.03.01"]
[SourceQuality "1"]

1. e4 e5 2. Nf3 Nc6 3. Bb5 a6 4. Ba4 Nf6 5. 0-0 b5 6. Bb3 Be7 7. Re1 0-0 8. d4 exd4 9. e5 Ne8 10. Nxd4 Nxd4 11. Qxd4 c5 12. Qe4 Nc7 13. c4 Rb8 14. Nc3 Bb7 15. Nd5 d6 16. Bc2 g6 17. Nxe7+ Qxe7 18. exd6 Qxd6 19. Qf4 Qd8 20. Be3 Ne6 21. Qe5 Qh4 22. f3 Rfe8 23. Bf2 Qh6 24. Rad1 Nd4 25. Qxe8+ Rxe8 26. Rxe8+ Kg7 27. Bxd4+ cxd4 28. cxb5 axb5 29. Bb3 Qg5 30. Kh1 Bd5 31. Bxd5 Qxd5 32. b3 b4 33. Re4 d3 34. Re3 Qa5 35. Rd2 Qc5 36. Rexd3 Qc1+ 37. Rd1 Qb2 38. R3d2 Qc3 39. Kg1 Qe3+ 40. Kf1 Qf4 41. Kg1 Qe3+ 42. Rf2 h5 43. g3 h4 44. gxh4 Qf4 45. Re1 Qxh4 46. Re4 Qg5+ 47. Rg4 Qc1+ 48. Kg2 Qc5 49. h4 Kh6 50. Rc4 Qd6 51. Rfc2 Qe7 52. Re4 Qd6 53. Rcc4 Qd2+ 54. Kg3 f5 55. Re6 Qd1 56. Rcc6 1/2-1/2

[Event "Gyor op U18"]
[Site "Gyor"]
[Date "1992.??.??"]
[Round "?"]
[White "Csato, Eszter"]
[Black "Balazs, Attila"]
[Result "1/2-1/2"]
[WhiteElo "2035"]
[BlackElo "2240"]
[PlyCount "106"]
[EventDate "1992.??.??"]
[EventType "swiss"]
[EventRounds "9"]
[EventCountry "HUN"]
[SourceTitle "EXT 1997"]
[Source "ChessBase"]
[SourceDate "1996.11.15"]
[SourceVersion "1"]
[SourceVersionDate "1996.11.15"]
[SourceQuality "1"]

1. e4 e5 2. Nf3 Nc6 3. d4 exd4 4. Bc4 Nf6 5. 0-0 Bc5 6. e5 d5 7. exf6 dxc4 8. Re1+ Be6 9. fxg7 Rg8 10. Ng5 Qd5 11. Nxh7 Be7 12. Bh6 0-0-0 13. Qd2 Ne5 14. Ng5 Ng4 15. Nxe6 fxe6 16. h3 Nxh6 17. Qxh6 e5 18. Qg6 Bd6 19. Nd2 Rd7 20. Qe4 c6 21. Nf3 Rdxg7 22. g3 Re7 23. Nh4 Qxe4 24. Rxe4 Rf7 25. Kg2 b5 26. Rd1 Bc7 27. Rf1 Kd7 28. Nf3 Re8 29. h4 c5 30. h5 Kc6 31. Ng5 Rf5 32. f4 Rh8 33. g4 Rxf4 34. Rexf4 exf4 35. Ne6 d3 36. Nxc7 Kxc7 37. c3 a5 38. Rxf4 Kd6 39. Rf2 b4 40. Kf1 Ke5 41. Ke1 Rg8 42. h6 Rxg4 43. Rh2 Rg8 44. h7 Rh8 45. Kd2 a4 46. Rh4 a3 47. bxa3 bxa3 48. Rxc4 Rxh7 49. Rxc5+ Ke4 50. Rc4+ Kd5 51. Ra4 Rh2+ 52. Kxd3 Rxa2 53. Ra5+ Kc6 1/2-1/2

[Event "Gyor op U18"]
[Site "Gyor"]
[Date "1992.??.??"]
[Round "?"]
[White "Csato, Eszter"]
[Black "Trisic, Aleksandar"]
[Result "0-1"]
[WhiteElo "2035"]
[BlackElo "2235"]
[PlyCount "116"]
[EventDate "1992.??.??"]
[EventType "swiss"]
[EventRounds "9"]
[EventCountry "HUN"]
[SourceTitle "EXT 1997"]
[Source "ChessBase"]
[SourceDate "1996.11.15"]
[SourceVersion "1"]
[SourceVersionDate "1996.11.15"]
[SourceQuality "1"]

1. e4 c5 2. c3 Nf6 3. e5 Nd5 4. d4 cxd4 5. Qxd4 e6 6. Nf3 Nc6 7. Qg4 Qc7 8. Qg3 d6 9. Bb5 dxe5 10. Qxe5 Bd7 11. Qxc7 Nxc7 12. Bc4 Bd6 13. Be3 Ne5 14. Nbd2 Nxf3+ 15. Nxf3 Bc6 16. Be2 Nd5 17. Bd4 f6 18. a3 e5 19. Be3 Nxe3 20. fxe3 Bc5 21. Kf2 0-0-0 22. Rad1 Ba4 23. Rxd8+ Rxd8 24. b4 Bb6 25. Bc4 Rd6 26. Ke2 Rc6 27. Nd2 Kd7 28. Rc1 Rxc4 29. Nxc4 Bb5 30. Kd3 e4+ 31. Kxe4 Bxc4 32. a4 Bc7 33. Kd4 Bb3 34. a5 Bxh2 35. c4 Be5+ 36. Kd3 Kc6 37. Rh1 h6 38. Rc1 Ba4 39. Rb1 Kd6 40. e4 Be8 41. Ke3 Bh5 42. b5 Kc5 43. b6 a6 44. Kd3 Bg4 45. Ke3 Kxc4 46. Kf2 Kd3 47. Rb4 h5 48. g3 Bc3 49. Rb3 Kd4 50. Ra3 Bd7 51. Kf3 Bc6 52. Kf4 Bd2+ 53. Kf5 Bxe4+ 54. Ke6 Bd5+ 55. Kf5 Be4+ 56. Ke6 f5 57. Kf7 g5 58. Kf6 h4 0-1

[Event "Gyor op U18"]
[Site "Gyor"]
[Date "1992.??.??"]
[Round "?"]
[White "Lendvai, Edit"]
[Black "Csato, Eszter"]
[Result "0-1"]
[WhiteElo "2060"]
[BlackElo "2035"]
[PlyCount "90"]
[EventDate "1992.??.??"]
[EventType "swiss"]
[EventRounds "9"]
[EventCountry "HUN"]
[SourceTitle "EXT 1997"]
[Source "ChessBase"]
[SourceDate "1996.11.15"]
[SourceVersion "1"]
[SourceVersionDate "1996.11.15"]
[SourceQuality "1"]

1. e4 e5 2. Nf3 Nc6 3. Bc4 Nf6 4. d3 Be7 5. Nc3 0-0 6. h3 d6 7. a3 Be6 8. Nd5 Bxd5 9. exd5 Nb8 10. d4 Nbd7 11. dxe5 Nxe5 12. Nxe5 dxe5 13. 0-0 Qd6 14. Bb3 Rad8 15. c4 Qb6 16. Qc2 Bc5 17. Ba2 a5 18. Rb1 Qd6 19. Bd2 Bd4 20. Bxa5 Rfe8 21. Bc3 Bxc3 22. Qxc3 Nh5 23. g3 e4 24. Qe3 Qg6 25. Kh2 f5 26. Rg1 Qf6 27. Qe2 g6 28. f4 exf3 29. Qxf3 Qg5 30. Qf2 Nf6 31. Rbe1 Qh5 32. Kg2 Ne4 33. Qf3 Qg5 34. g4 Nd2 35. Qg3 f4 36. Qd3 f3+ 37. Kf2 Qh4+ 38. Rg3 Rxe1 39. Kxe1 Qxg3+ 40. Kxd2 Re8 41. d6 Qe1+ 42. Kc2 Re2+ 43. Kb3 Re3 44. dxc7 Rxd3+ 45. Ka4 Qe8+ 0-1